Sumi aur chand: सुमी और चांद (Record no. 224434)
[ view plain ]
| 000 -LEADER | |
|---|---|
| fixed length control field | 00657nam a22001937a 4500 |
| 005 - DATE AND TIME OF LATEST TRANSACTION | |
| control field | 20220803161134.0 |
| 008 - FIXED-LENGTH DATA ELEMENTS--GENERAL INFORMATION | |
| fixed length control field | 220803b ||||| |||| 00| 0 eng d |
| 040 ## - CATALOGING SOURCE | |
| Transcribing agency | Aloy |
| 041 ## - LANGUAGE CODE | |
| Language code of text/sound track or separate title | hin |
| 082 ## - DEWEY DECIMAL CLASSIFICATION NUMBER | |
| Edition number | 23 |
| Classification number | 923H |
| Item number | MODS |
| 100 ## - MAIN ENTRY--PERSONAL NAME | |
| Personal name | Chandrakant Modi: चंद्रकानत मोदी |
| 100 ## - MAIN ENTRY--PERSONAL NAME | |
| 9 (RLIN) | 54718 |
| 245 ## - TITLE STATEMENT | |
| Title | Sumi aur chand: सुमी और चांद |
| 260 ## - PUBLICATION, DISTRIBUTION, ETC. | |
| Place of publication, distribution, etc. | Nayi Dilli |
| Name of publisher, distributor, etc. | Samajvadi Shiksha Samsthan |
| Date of publication, distribution, etc. | 1998 |
| 300 ## - PHYSICAL DESCRIPTION | |
| Extent | 124p. |
| Other physical details | HB |
| Dimensions | 22x14cm. |
| 365 ## - TRADE PRICE | |
| Source of price type code | Hindi |
| 650 ## - SUBJECT ADDED ENTRY--TOPICAL TERM | |
| Topical term or geographic name entry element | Biography: जीवन चरित्र |
| 9 (RLIN) | 54719 |
| 700 ## - ADDED ENTRY--PERSONAL NAME | |
| Personal name | MODI (Chandrkanth): मोदी (चंद्रकानत) |
| 9 (RLIN) | 54720 |
| 942 ## - ADDED ENTRY ELEMENTS (KOHA) | |
| Source of classification or shelving scheme | Dewey Decimal Classification |
| Koha item type | George Fernandes Collections |
| Withdrawn status | Lost status | Source of classification or shelving scheme | Damaged status | Not for loan | Collection code | Home library | Current library | Date acquired | Total Checkouts | Full call number | Barcode | Date last seen | Price effective from | Koha item type |
|---|---|---|---|---|---|---|---|---|---|---|---|---|---|---|
| Dewey Decimal Classification | Others | St Aloysius Library | St Aloysius Library | 03/24/2013 | 923H MODS | GF02775 | 08/03/2022 | 08/03/2022 | George Fernandes Collections |